Quick Pick: U.S. Magazines Quiz Stats

 Plays Quiz Updated Jan 6, 2018

Challenge
Share
Tweet
Embed
Score 0/13 Timer 01:00
0 Plays Today
% Correct
New
97.9%
Fair
97.2%
Driver
96.6%
Digest
96.5%
Illustrated
96.5%
Marie
96.3%
Stewart
95.7%
Teen
92%
World
91.3%
Popular
90.7%
Health
90.5%
Life
86.7%
Trend
81%

Today's Daily Dose

Missing Word
No Snow!

Word Ladder
Wild Cats

On This Day
December 16th II

You're not logged in!

Compare scores with friends on all Sporcle quizzes.
OR
Log In

You Might Also Like...

Show Comments

Extras

Top Quizzes Today


Score Distribution

Your Account Isn't Verified!

In order to create a playlist on Sporcle, you need to verify the email address you used during registration. Go to your Sporcle Settings to finish the process.

Report this User

Report this user for behavior that violates our Community Guidelines.

Details: